[Event "Skakliga 2007-08"]
[Site "Denmark"]
[Date "2008.04.13"]
[Round "9.6"]
[White "Palm, Nikolaj"]
[Black "Veng, Johny"]
[Result "1/2-1/2"]
[WhiteElo "2260"]
[BlackElo "2171"]
[PlyCount "81"]
[EventDate "2007.11.10"]
[EventType "team-tourn"]
[EventRounds "9"]
[EventCountry "DEN"]
[Source "ChessBase"]
[SourceDate "2003.11.25"]
[WhiteTeam "Bronshoj"]
[BlackTeam "Nordre"]
[WhiteTeamCountry "DEN"]
[BlackTeamCountry "DEN"]

1. d4 g6 2. e4 Bg7 3. Nc3 Nc6 4. Be3 d5 5. e5 f6 6. f4 Nh6 7. Nf3 O-O 8. Qd2
Bg4 9. Be2 Nf5 10. Bf2 fxe5 11. Nxe5 Nxe5 12. dxe5 Bxe2 13. Nxe2 e6 14. O-O-O
g5 15. g4 Ne7 16. Nd4 Qd7 17. fxg5 c5 18. Nb3 b6 19. Qe2 a5 20. Rhf1 a4 21. Nd2
a3 22. b3 Nc6 23. Ne4 Bxe5 24. Nf6+ Rxf6 25. gxf6 Bxf6 26. Kb1 Bg7 27. Bh4 Nd4
28. Qd2 Nb5 29. Bf6 d4 30. c4 Bxf6 31. Rxf6 Qg7 32. Rdf1 Nc3+ 33. Ka1 Ne4 34.
Qg2 Nxf6 35. Qxa8+ Kf7 36. Qf3 Ke7 37. h3 Nd7 38. Qd3 Ne5 39. Qd2 Nc6 40. Kb1
d3 41. Rf3 1/2-1/2

[Event "Skakliga 2007-08"]
[Site "Denmark"]
[Date "2008.04.13"]
[Round "9.7"]
[White "Danstrup, Niels"]
[Black "Aabling Thomsen, Jakob"]
[Result "0-1"]
[WhiteElo "2097"]
[BlackElo "2269"]
[PlyCount "54"]
[EventDate "2007.11.10"]
[EventType "team-tourn"]
[EventRounds "9"]
[EventCountry "DEN"]
[Source "ChessBase"]
[SourceDate "2003.11.25"]
[WhiteTeam "Nordre"]
[BlackTeam "Bronshoj"]
[WhiteTeamCountry "DEN"]
[BlackTeamCountry "DEN"]

1. e4 g6 2. d4 Bg7 3. Nc3 c5 4. Nf3 cxd4 5. Nxd4 Nc6 6. Be3 Nf6 7. Be2 O-O 8.
O-O d6 9. f3 Qb6 10. Na4 Qa5 11. c4 Bd7 12. Nc3 Rac8 13. Qd2 Rfe8 14. Rac1 a6
15. Nb3 Qc7 16. Nd5 Qb8 17. Nb6 Rcd8 18. Nxd7 Nxd7 19. Nd4 Nc5 20. Rfd1 Nxd4
21. Bxd4 Bxd4+ 22. Qxd4 e5 23. Qe3 Ne6 24. b4 Qc7 25. a3 Qe7 26. Rd5 Nf4 27.
Bf1 Nxd5 0-1

[Event "Skakliga 2007-08"]
[Site "Denmark"]
[Date "2008.04.13"]
[Round "9.8"]
[White "Ligaard, Morten Lund"]
[Black "Klitgaard, Thomas"]
[Result "1/2-1/2"]
[WhiteElo "2202"]
[BlackElo "2094"]
[PlyCount "97"]
[EventDate "2007.11.10"]
[EventType "team-tourn"]
[EventRounds "9"]
[EventCountry "DEN"]
[Source "ChessBase"]
[SourceDate "2003.11.25"]
[WhiteTeam "Bronshoj"]
[BlackTeam "Nordre"]
[WhiteTeamCountry "DEN"]
[BlackTeamCountry "DEN"]

1. d4 Nf6 2. c4 e6 3. g3 c5 4. d5 exd5 5. cxd5 d6 6. Nc3 g6 7. Bg2 Bg7 8. Nf3
O-O 9. O-O Re8 10. Re1 Ne4 11. Nxe4 Rxe4 12. Nd2 Re8 13. e4 b5 14. a4 b4 15.
Rb1 Ba6 16. Bf1 Bxf1 17. Kxf1 Nd7 18. Nc4 Ne5 19. Nxe5 Rxe5 20. f4 Rh5 21. Kg1
Qd7 22. b3 Qh3 23. Qc2 Bc3 24. Bb2 Bxe1 25. Rxe1 Re8 26. Re2 Qg4 27. Ba1 Rxd5
28. Kf2 Rh5 29. h4 Rxh4 30. gxh4 Qxh4+ 31. Ke3 Qg3+ 32. Kd2 Qxf4+ 33. Kd1 Qf1+
34. Re1 Qf3+ 35. Kd2 Re6 36. Qc4 Qf2+ 37. Re2 Qf4+ 38. Kc2 h5 39. Qd5 Re8 40.
Bb2 Qg4 41. Kd2 Qe6 42. Qg5 Qxb3 43. Qf6 Re5 44. Bxe5 dxe5 45. Rf2 Qc3+ 46. Kd1
Qa1+ 47. Kd2 Qd4+ 48. Kc1 Qa1+ 49. Kd2 1/2-1/2